| 000 | 00618nam a2200193Ia 4500 | ||
|---|---|---|---|
| 008 | 151121s9999||||xx |||||||||||||| ||und|| | ||
| 082 | _a813-/भट | ||
| 082 | _bHNW-14018 | ||
| 100 | _aभट गोविन्द केशव | ||
| 245 | _aविदिशा | ||
| 260 | _b"महाराष्ट्र ग्रंथ भांडार, कोल्हापूर" | ||
| 260 | _c-- | ||
| 300 | _a145 | ||
| 600 | _aभट गोविन्द केशव | ||
| 630 | _aविदिशा | ||
| 700 | _aभट गोविन्द केशव | ||
| 730 | _aविदिशा | ||
| 942 | _cBOOK | ||
| 999 |
_c1217830 _d1217827 |
||